000 00800nam a22002417a 4500
003 0
005 20250909094206.0
008 250909b xxu||||| |||| 00| 0 eng d
020 _a978-0-357-94630-5
050 _aHM 1033
_b.B87 2025
100 _aBushman, Brad J.,
_eauthor.
245 _aSocial psychology and human nature /
_cBrad J. Bushman and Roy F. Baumeister.
250 _aSixth edition.
260 _aMason, OH :
_bCengage,
_c2025.
300 _axxvii, various pagination :
_bcolored illustrations ;
_c28 cm.
504 _aIncludes bibliographical references and index.
650 _aSocial psychology
_xTextbooks.
650 _aInterpersonal relations.
650 _aSelf
_xSocial aspects.
650 _aGroup identity.
700 _aBaumeister, Roy F.,
_eauthor.
942 _2lcc
_cBK
999 _c367825
_d367825